000 00354 a2200157 4500
001 164645
020 _a
040 _cMagnum
100 _aSouza, Flavio de
240 1 0 _aLendas e causos da caipora
_lpor
245 1 0 _aLendas e causos da caipora
362 0 _a1899
440 1 _aCompanhia das Letras
697 _aIJ/LENDAS, FOLCLORE
942 _cBK
999 _c164645
_d164645